| 000 | 00335nam a22001217a 4500 | ||
|---|---|---|---|
| 008 | 180424b xxu||||| |||| 00| 0 eng d | ||
| 041 | _aeng | ||
| 080 | _a043.3 | ||
| 100 | _a0 | ||
| 101 | _aSHP-BTH | ||
| 245 |
_aRoli i financave publike në zgjedhjet elektorale në periudhën e pas luftës në Kosovë _cKonjufca,G |
||
| 942 |
_2udc _cBK |
||
| 999 |
_c45474 _d45474 |
||